GETS Theological Seminary Library

Aquinas on nature and grace : (Record no. 735)

MARC details
000 -LEADER
fixed length control field 00609nam a2200193Ia 4500
008 - FIXED-LENGTH DATA ELEMENTS--GENERAL INFORMATION
fixed length control field 200731s9999 xx 000 0 und d
020 ## - INTERNATIONAL STANDARD BOOK NUMBER
International Standard Book Number 0664241557
020 ## - INTERNATIONAL STANDARD BOOK NUMBER
International Standard Book Number 9780664241551
041 ## - LANGUAGE CODE
Language code of text/sound track or separate title eng
050 ## - LIBRARY OF CONGRESS CALL NUMBER
Classification number BR45
Item number .L53 2006
100 ## - MAIN ENTRY--PERSONAL NAME
Personal name Thomas, Aquinas Saint
245 ## - TITLE STATEMENT
Title Aquinas on nature and grace :
Remainder of title selections from the Summa theologica /
Statement of responsibility, etc. Thomas, Aquinas Saint; A. M. Fairweather
260 ## - PUBLICATION, DISTRIBUTION, ETC.
Place of publication, distribution, etc. Louisville :
Name of publisher, distributor, etc. Westminster John Knox,
Date of publication, distribution, etc. 2006
300 ## - PHYSICAL DESCRIPTION
Extent 386 p.
Other physical details ;
Dimensions 24 cm.
650 ## - SUBJECT ADDED ENTRY--TOPICAL TERM
Topical term or geographic name entry element Catholic Church -- Doctrines.
650 ## - SUBJECT ADDED ENTRY--TOPICAL TERM
Topical term or geographic name entry element Catholic Church.
700 ## - ADDED ENTRY--PERSONAL NAME
Personal name Fairweather, A. M.
Holdings
Withdrawn status Lost status Damaged status Not for loan Home library Current library Shelving location Date acquired Total Checkouts Full call number Barcode Date last seen Price effective from Koha item type
        GETS Theological Seminary Library GETS Theological Seminary Library General Stacks 07/12/2020   BR45 .L53 2006 00000689 07/12/2020 07/12/2020 English Books
OpacCredits

Contact the Librarian, GETS Library
Email: library@mygets.org









Implemented by GETS Library
(Powered by ETCA Professional Group)
GETS Theological Seminary
412 E. Rowland Street, CA 91723